| 000 | 00511nam a22001697a 4500 | ||
|---|---|---|---|
| 005 | 20251108171132.0 | ||
| 008 | 250721s1986 xx 000 0 ara d | ||
| 082 | 1 | 4 | _a214.1/فلا |
| 100 | 1 | _aعبد الله، فلاح عبد الرحمن | |
| 245 | 1 | 0 | _aنظرة ربانية في المسائل الفقهية / |
| 264 | 1 |
_aبغداد : _bالمؤلف، _c1986. |
|
| 300 | _a118ص. | ||
| 650 | 1 | 7 | _aأصول الدين الإسلامي |
| 650 | 1 | 7 | _aالتوحيد |
| 942 |
_2ddc _cBK |
||
| 999 |
_c57520 _d57520 |
||